Statistics for WWE - Neville's PPV Opponents

Click here to take the quiz!

General Stats

  • This quiz has been taken 222 times
  • The average score is 20 of 30

Answer Stats

YearEventMatch TypeAnswer% Correct
2015Extreme Rules (Kick-Off Show)Bad News Barrett
91%
2015King of the RingKOTR FinalsBad News Barrett
91%
2015SummerSlamTag Team MatchKing Barrett
91%
2015PaybackKing Barrett
91%
2015Hell in a Cell (Kick-Off Show)Six-Man Tag Team MatchKing Barrett
91%
2017No MercyEnzo Amore
84%
2015Hell in a Cell (Kick-Off Show)Six-Man Tag Team MatchSheamus
81%
2015King of the RingKOTR Semi-FinalsSheamus
81%
2015Night of Champions (Kick-Off Show)Six-Man Tag Team MatchStardust
78%
2015Live From MSGStardust
78%
2015Survivor Series (Kick-Off Show)5 vs 5 Elimination MatchStardust
78%
2015SummerSlamTag Team MatchStardust
78%
2017Extreme RulesSubmission MatchAustin Aries
75%
2017PaybackAustin Aries
75%
2017WrestleMania 33 (Kick-Off Show)Austin Aries
75%
2015Hell in a Cell (Kick-Off Show)Six-Man Tag Team MatchRusev
72%
2017Royal RumbleRich Swann
66%
2015Beast In The EastChris Jericho
60%
2017SummerSlam (Kick-Off Show)Akira Tozawa
59%
2017Great Balls of Fire (Kick-Off Show)Akira Tozawa
59%
2015Survivor Series (Kick-Off Show)5 vs 5 Elimination MatchThe Miz
55%
2017FastlaneJack Gallagher
54%
2015Night of Champions (Kick-Off Show)Six-Man Tag Team MatchKonnor
53%
2015Survivor Series (Kick-Off Show)5 vs 5 Elimination MatchKonnor
53%
2015Survivor Series (Kick-Off Show)5 vs 5 Elimination MatchViktor
53%
2015Night of Champions (Kick-Off Show)Six-Man Tag Team MatchViktor
53%
2015Survivor Series (Kick-Off Show)5 vs 5 Elimination MatchBo Dallas
47%
2015Elimination ChamberBo Dallas
47%
2016SummerSlam (Kick-Off Show)Tag Team MatchBubba Ray Dudley
38%
2016SummerSlam (Kick-Off Show)Tag Team MatchD-Von Dudley
38%

Score Distribution

Percentile by Number Answered

Percent of People with Each Score

Your Score History

You have not taken this quiz